موسوعة مصطلحات الكمبيوتر و الإنترنت إنجليزي - عربي : (رقم التسجيلة. 10097)

تفاصيل مارك
000 -الفاتح
عناصر البيانات ثابتة الطول 00818nam a22001937a 4500
005 - تاريخ ووقت آخر معاملة
حقل ضبط 20251108164343.0
008 - عناصر البيانات ثابتة الطول
عناصر البيانات ثابتة الطول 250721s9999 ua gr 000 0 ara d
041 1# - كود اللغة
كود اللغة لنص/مسار صوت أو عنوان منفصل ara
-- eng
082 14 - رقم تصنيف ديوي العشري
رقم التصنيف 004.03
رقم المادة م ر ا
100 1# - مدخل رئيسي – اسم شخصي
الاسم الشخصي مراد، عبد الفتاح
علاقة الشخص بالعمل/ دوره مؤلف.
245 10 - بيان العنوان
العنوان موسوعة مصطلحات الكمبيوتر و الإنترنت إنجليزي - عربي :
بقية العنوان دراسة تحليلية و تأصيلية مقارنة لمصطلحات علوم الكمبيوتر و الإنترنت /
بيان المسؤولية المستشار الدكتور عبد الفتاح مراد.
264 1# - بيانات النشر، التوزيع…إلخ
مكان النشر، التوزيع...إلخ الإسكندرية :
تاريخ النشر، التوزيع...إلخ [بين 1900و 1999].
300 ## - الوصف المادي
عدد الوحدات المكونة للوعاء 2255 صفحة.
650 17 - مدخل إضافي بالموضوع - مصطلح موضوعي
مصطلح موضوعي أو اسم جغرافي كعنصر مدخل الحواسيب
650 17 - مدخل إضافي بالموضوع - مصطلح موضوعي
مصطلح موضوعي أو اسم جغرافي كعنصر مدخل معاجم المصطلحات
650 17 - مدخل إضافي بالموضوع - مصطلح موضوعي
مصطلح موضوعي أو اسم جغرافي كعنصر مدخل شبكات الحواسيب
942 ## - بيانات إضافية (كوها)
نوع التنصيف Dewey Decimal Classification
نوع المادة (كوها) مراجع
المقتنيات
حالة السحب حالة الفقدان مصدر التصنيف حالة التلف غير قابل للإعارة المكتبة الرئيسية المكتبة الحالية موقع الرف تاريخ التزويد الرقم المتسلسل Total Checkouts رقم الإستدعاء الباركود تاريخ آخر ظهور تاريخ الفاتورة نوع المادة (كوها)
    Dewey Decimal Classification   Not For Loan المكتبة المركزية المكتبة المركزية مراجع 28/07/2025 855570   م/004.03/مرا 855570 28/07/2025 28/07/2025 مراجع
Implemented & Customized by: BBB with SCIT (Smart Chains for Information Technology)

Powered by Koha